000 00618cam a2200169 a 4500
005 20250901165219.0
008 930514s1994 nyua b 001 0 eng
010 _a 93023934
020 _a0029303559 :
_c$22.95
050 0 0 _aHV91 .S6292 1994
_b.S6292 1994
082 0 0 _a361.973
_220
100 1 _aSpecht, Harry.
245 1 0 _aUnfaithful angels :
_bhow social work has abandoned its mission /
_cHarry Specht, Mark E. Courtney.
260 _aNew York :
_bFree Press ;
_aToronto :
_bMaxwell Macmillan Canada ;
_aNew York :
_bMaxwell Macmillan International,
_cc1994.
300 _axii, 209 p. :
_bill. ;
_c25 cm.
942 _2ddc
999 _c441
_d441